Три мушкетери (Запис № 17772)

000 -Маркер запису
Контрольне поле сталої довжини 02906nam a22002657a 4500
003 - Належність контрольного номера
Контрольне поле Uzh_bibl
008 - Кодовані дані
Контрольне поле сталої довжини 260515b |||||||| |||| 00| 0 ukr d
020 ## - Індекс ISBN
ISBN 966-03-3457-5
Ціна 18.90
040 ## - Джерело каталогіз.
Код мови каталог. укр.
041 ## - Код мови видання
Код мови оригіналу французька
Код мови тексту українська
080 ## - Індекс УДК
Індекс УДК 821.133.1
090 ## - Шифри
Поличний індекс 821.133.1
Авторський знак Д 96
100 ## - Автор
Автор Дюма,Александр
245 ## - Назва
Назва Три мушкетери
Відповідальність пер. В. М. Верховеня; худож.-оформлювач Б. П. Бублик
Фізичний носій Текст
260 ## - Вихідні дані
Місце видання Харків
Видавництво Фоліо
Дата видання 2006
300 ## - Фізичний опис
Обсяг 512 с.
Тип одиниці В опр.
490 ## - Серія
Назва серії Серія "Зарубіжна класика"
520 ## - Анотація
Анотація Александр Дюма-батько (1802—1870) — знаменитий французький письменник, автор близько 1200 романів і драм, один з найвідоміших романістів у світі. Онук маркіза і чорношкірої невільниці, син генерала Республіки й трактирниці, він був блискучим оповідачем, людиною, яка прожила бурхливе життя, полюбляла насолоди й при цьому працювала не покладаючи рук. «Історія — цвях, на який я вішаю свої романи», — говорив він, і підтвердження тому — романи письменника, якими і сьогодні захоплюються читачі в усьому світі.<br/><br/>Найвідоміший роман Александра Дюма-батька «Три мушкетери» набув неймовірної популярності у багатьох поколінь читачів. Легендарна четвірка сміливців – палкий гасконець д’Артаньян, гордий і витончений Атос, хитромудрий красень Араміс і простодушний добряк Портос – потрапляють у вир незчисленних інтриг при дворі французького короля Людовіка ХІІІ, де на кожному кроці на них чекає небезпека. Та хоч які перешкоди і несподіванки не з’являлися би на їхньому шляху, вони неодмінно ставали переможцями, бо всюди і завжди залишалися вірними девізу – «Один за всіх і всі за одного!»
521 ## - Примітка про цільове призначення
Примітка про цільове призначення Для широкого кола читачів
546 ## - Примітка про мову
Примітка про мову укр.
650 ## - Тематичні рубрики
Основна рубрика Літературно-художнє видання
653 ## - Ключові слова
Ключові слова Кохання
-- Інтриги
-- Пригоди
655 ## - Термін індексування — жанр/форма
Жанр/форма Пригоди
Типове ділення Роман
942 ## - ADDED ENTRY ELEMENTS (KOHA)
Джерело класифікації чи схема поличного розташування
Koha item type Книги
Фонди
Статус вилучення Статус втрати/відсутності Джерело класифікації чи схема поличного розташування Статус пошкодження Тип обігу (не для випозичання) Постійне розташування Поточне розташування Розташування у відділі Дата надходження Інвентарний номер Total Checkouts Повний (примірниковий) шифр зберігання Штрих-код Date last seen Дата, для якої чинна ціна заміни Тип одиниці (рівень примірника)
          Бібліотека-філія №3 Бібліотека-філія №3 Абонемент старший відділ 15/05/2026 56114   821.133.1 4218 15/05/2026 15/05/2026 Книги

Працює на АБІС Коха